| 000 | 02858njm a2200481Ia 4500 | ||
|---|---|---|---|
| 001 | 23839 | ||
| 003 | IT-RoPAU | ||
| 005 | 20220918181123.0 | ||
| 008 | 131025s9999 xx 000 0 und d | ||
| 040 | _aIT-RoPAU | ||
| 040 | _cIT-RoPAU | ||
| 999 |
_c99985 _d99985 |
||
| 999 | _bn.d. | ||
| 100 |
_aAA.VV. _9794 |
||
| 100 |
_eAutore musica _96480 |
||
| 100 |
_gCodice autore musica SPICS: 12000 _9796 |
||
| 245 | _aGreat Film Themes From Many Lands (Lp Pfs 4021) | ||
| 250 | _a1a ed. | ||
| 260 | _aLONDON | ||
| 260 |
_bDECCA RECORD COMPANY _c1962 [1a Ed.:1962] |
||
| 300 | _aDISCO | ||
| 500 | _aMusica da film. Colonna sonora di grandi film. | ||
| 505 | _aLa dolce vita - La strada - Ronde de l'amour (Love's Round About) - Forbidden Games - Theme From Black Orpheus (Carnival) - Never On Sunday - Theme From Saturday Night and Sunday - Adieu tristesse - Anna - Nadia's Theme - Scotland the Brave - The Rising of the Moon | ||
| 650 |
_aCOLONNE SONORE [DISCHI] _eCodice MATERIA SPICS: 9950 _91905 |
||
| 700 |
_aRota Nino _dCodice autore musica SPICS: 11128 _eAutore musica _pLa dolce vita - La strada - Nadia's Theme _96481 |
||
| 700 |
_aVerde _dCodice autore SPICS: 14028 _eAutore _pLa dolce vita _96482 |
||
| 700 |
_aVandyke _dCodice autore testo/musica SPICS: 25274 _eAutore testo/musica _pLa dolce vita _96483 |
||
| 700 |
_aGaldieri Michele _dCodice autore SPICS: 13370 _eAutore _pLa strada _96484 |
||
| 700 |
_aStrauss Johann Jr. _dCodice autore musica SPICS: 11164 _eAutore musica _pRonde de l'amour (Love's Round About) _96485 |
||
| 700 |
_aPurrell _dCodice autore SPICS: 25275 _eAutore _pRonde de l'amour (Love's Round About) _96486 |
||
| 700 |
_aDucreux _dCodice autore testo/musica SPICS: 25276 _eAutore testo/musica _pRonde de l'amour (Love's Round About) _96487 |
||
| 700 |
_aGomez _dCodice autore musica SPICS: 13933 _eAutore musica _pForbidden Games _96488 |
||
| 700 |
_aBonfa _dCodice autore musica SPICS: 13934 _eAutore musica _pTheme From Black Orpheus (Carnival) _96489 |
||
| 700 |
_aHadjidakis _dCodice autore musica SPICS: 13935 _eAutore musica _pNever On Sunday _96490 |
||
| 700 |
_aTowne _dCodice autore SPICS: 16000 _eAutore _pNever On Sunday _96491 |
||
| 700 |
_aDankworth _dCodice autore musica SPICS: 13936 _eAutore musica _pTheme From Saturday Night and Sunday _96492 |
||
| 700 |
_aJobim _dCodice autore musica SPICS: 13937 _eAutore musica _pAdieu tristesse _96493 |
||
| 700 |
_aRoman R. _dCodice autore musica SPICS: 13938 _eAutore musica _pAnna _96494 |
||
| 700 |
_aGodfrey John F. _dCodice autore SPICS: 14659 _eAutore _pAnna _96495 |
||
| 700 |
_aEngvick William _dCodice autore testo/musica SPICS: 15849 _eAutore testo/musica _pAnna _96496 |
||
| 700 |
_aAnonimo _dCodice autore musica SPICS: 2620 _eAutore musica _pScotland the Brave - The Rising of the Moon _96497 |
||
| 700 |
_aInternational Pop All Stars _dCodice interprete SPICS: 13922 _eInterprete _96498 |
||
| 942 |
_cMD _2ddc |
||